00354nam a2200133Ia 4500020001000000082001300010100002600023245005300049260003700102300001600139526003700155650002000192650000800212 a(pbk) a297bHAS aHassan, Hussain Hamid aThe Foundation of authority in the Islamic state aIslamabad:bDawah Academy,c1989 a41p.c22cm. a0b0c0d297_000000000000000_HAS aIslam and State aMCE